Największe wyspy na Wyspach Brytyjskich z mapą - Statystyki

Ogólne statystyki
  • Ten quiz został rozwiązany 1 633 razy
  • Średni wynik to 4 z 12
Odpowiedzi na mapie
Odpowiedzi zakodowano w zielono-czerwonej skali na mapie do tego quizu, zgodnie z poniższymi procentami.
 
Statystyki odpowiedzi
Powierzchnia Wyspa % Poprawnych
81 638 Irlandia
97%
209 331 Wielka Brytania
94%
572 Wyspa Man
78%
381 Isle of Wight
18%
1 656 Skye
15%
714 Anglesey
10%
2 179 Lewis and Harris
10%
432 Arran
8%
969 Mainland
8%
523 Mainland
8%
620 Islay
7%
875 Mull
7%
Nie znaleziono quizów pasujących do podanych kryteriów
Rozkład punktacji
Procent ludzi z każdym wynikiem
Percentyl według liczby udzielonych odpowiedzi
Twoja historia wyników
Nie rozwiązałeś tego quizu